[Event "SVK-chT2B 2223"]
[Site "Slovakia"]
[Date "2022.11.13"]
[Round "4.8"]
[White "Moravcik, Rastislav"]
[Black "Volanek, Maros"]
[Result "1-0"]
[WhiteElo "1845"]
[BlackElo "1585"]
[PlyCount "61"]
[EventDate "2022.10.08"]
[EventType "team-tourn"]
[EventRounds "11"]
[EventCountry "SVK"]
[SourceTitle "EXT 2024"]
[Source "ChessBase"]
[SourceDate "2023.10.10"]
[SourceVersion "1"]
[SourceVersionDate "2023.10.10"]
[SourceQuality "1"]
[WhiteTeam "Topolcany II"]
[BlackTeam "Povazske Podhradie"]
[WhiteTeamCountry "SVK"]
[BlackTeamCountry "SVK"]

1. Nf3 d5 2. g3 c5 3. Bg2 Nc6 4. 0-0 e5 5. d3 f6 6. e4 d4 7. Nbd2 Be6 8. Ne1 g5 9. f4 gxf4 10. gxf4 Bd6 11. f5 Bf7 12. Rf2 Qd7 13. Nf1 0-0-0 14. Bf3 Nge7 15. Bh5 Rdg8+ 16. Kh1 Qe8 17. Ng3 h6 18. Bxf7 Qxf7 19. Qh5 Qf8 20. Nf3 Nd8 21. Bd2 Nf7 22. Nh4 Ng5 23. Ng6 Nxg6 24. fxg6 Be7 25. Nf5 Qe8 26. Qg4 h5 27. Nxe7+ Kd8 28. Qc8+ Kxe7 29. Qxc5+ Kd8 30. Rxf6 Rxg6 31. Qd6+ 1-0

[Event "SVK-chT2B 2223"]
[Site "Slovakia"]
[Date "2022.10.08"]
[Round "1.4"]
[White "Koloditsova, Renata"]
[Black "Moravcik, Rastislav"]
[Result "1/2-1/2"]
[WhiteElo "1864"]
[BlackElo "1845"]
[PlyCount "26"]
[EventDate "2022.10.08"]
[EventType "team-tourn"]
[EventRounds "11"]
[EventCountry "SVK"]
[SourceTitle "CBM 210 Extra"]
[Source "ChessBase"]
[SourceDate "2022.11.30"]
[SourceVersion "1"]
[SourceVersionDate "2022.11.30"]
[SourceQuality "1"]
[WhiteTeam "Surany"]
[BlackTeam "Topolcany II"]
[WhiteTeamCountry "SVK"]
[BlackTeamCountry "SVK"]

1. d4 Nf6 2. c4 g6 3. Nc3 Bg7 4. e4 d6 5. Bg5 0-0 6. Qd2 c6 7. Be2 Nbd7 8. Nf3 Qc7 9. Bh6 e5 10. Bxg7 Kxg7 11. 0-0 Re8 12. Rfd1 Nf8 13. c5 d5 1/2-1/2

[Event "SVK-chT2B 2122"]
[Site "Slovakia"]
[Date "2022.03.26"]
[Round "8.4"]
[White "Reisel, Frantisek"]
[Black "Moravcik, Rastislav"]
[Result "1/2-1/2"]
[WhiteElo "1904"]
[BlackElo "1927"]
[PlyCount "28"]
[EventDate "2021.10.16"]
[EventType "team-tourn"]
[EventRounds "11"]
[EventCountry "SVK"]
[SourceTitle "EXT 2023"]
[Source "ChessBase"]
[SourceDate "2022.10.05"]
[SourceVersion "1"]
[SourceVersionDate "2022.10.05"]
[SourceQuality "1"]
[WhiteTeam "Prievidza"]
[BlackTeam "Topolcany II"]
[WhiteTeamCountry "SVK"]
[BlackTeamCountry "SVK"]

1. d4 d5 2. c4 e6 3. Nc3 f5 4. Nf3 c6 5. e3 Bd6 6. Bd3 Nf6 7. 0-0 0-0 8. Qc2 Ne4 9. Ne5 Nd7 10. f3 Nxc3 11. Nxd7 Bxd7 12. Qxc3 Qe7 13. c5 Bc7 14. f4 b6 1/2-1/2

[Event "SVK-ch Amateurs"]
[Site "Topolcany"]
[Date "2021.08.08"]
[Round "5"]
[White "Moravcik, Rastislav"]
[Black "Stevik, Patrik1111"]
[Result "0-1"]
[WhiteElo "1902"]
[BlackElo "2024"]
[PlyCount "82"]
[EventDate "2021.08.06"]
[EventType "swiss"]
[EventRounds "7"]
[EventCountry "SVK"]
[SourceTitle "EXT 2022"]
[Source "ChessBase"]
[SourceDate "2021.10.06"]
[SourceVersion "1"]
[SourceVersionDate "2021.10.06"]
[SourceQuality "1"]

1. d4 g6 2. c4 Bg7 3. Nc3 Nf6 4. e4 d6 5. Nf3 0-0 6. Be2 e5 7. dxe5 dxe5 8. Qxd8 Rxd8 9. Bg5 Re8 10. 0-0 c6 11. h3 Nbd7 12. Be3 Nf8 13. Rfd1 Nh5 14. Bf1 Nf4 15. Rac1 h6 16. b4 g5 17. c5 g4 18. hxg4 Bxg4 19. Rd6 N8g6 20. Bc4 Bf8 21. Rd2 a5 22. b5 Bxf3 23. Bxf4 exf4 24. gxf3 Bxc5 25. bxc6 bxc6 26. Ne2 Nh4 27. Rd7 Nxf3+ 28. Kg2 Ne5 29. Bxf7+ Nxf7 30. Rxc5 Ne5 31. Rxe5 Rxe5 32. f3 Rf8 33. Rd6 Rc5 34. Nd4 Rb8 35. Rxh6 Rb2+ 36. Kh3 Rg5 37. Nf5 Rg1 38. Rxc6 Rxa2 39. e5 Rg5 40. Nh6+ Kh7 41. Nf7 Rg3+ 0-1

[Event "SVK-ch Amateur"]
[Site "Topolcany"]
[Date "2020.07.10"]
[Round "2"]
[White "Moravcik, Rastislav"]
[Black "Frink, Ferenc"]
[Result "0-1"]
[WhiteElo "1916"]
[BlackElo "2075"]
[PlyCount "84"]
[EventDate "2020.07.10"]
[EventType "swiss"]
[EventRounds "7"]
[EventCountry "SVK"]
[SourceTitle "EXT 2021"]
[Source "ChessBase"]
[SourceDate "2020.10.23"]
[SourceVersion "1"]
[SourceVersionDate "2020.10.23"]
[SourceQuality "1"]

1. d4 Nf6 2. c4 Nc6 3. Nf3 e6 4. Nc3 d6 5. e4 Bd7 6. Be2 h6 7. 0-0 e5 8. d5 Ne7 9. Ne1 Ng6 10. Nd3 Be7 11. Be3 0-0 12. Rc1 a6 13. c5 Nh7 14. Bg4 Qc8 15. Bxd7 Qxd7 16. c6 bxc6 17. dxc6 Qe6 18. Nd5 Bd8 19. Qa4 Ng5 20. f3 f5 21. Bxg5 hxg5 22. Ne3 f4 23. Ng4 Rf7 24. Qc4 Qc8 25. Nb4 Nf8 26. Rc3 Ne6 27. Ra3 a5 28. Nd5 Nd4 29. Rd1 Qa6 30. Qxa6 Rxa6 31. b4 a4 32. Nc3 Rxc6 33. Kf1 Nc2 34. Rxa4 Rxc3 35. Nxe5 dxe5 36. Rxd8+ Rf8 37. Raa8 Rxd8 38. Rxd8+ Kf7 39. b5 Ne3+ 40. Ke2 Nxg2 41. a4 Rc2+ 42. Kd3 Ne1# 0-1

[Event "SVK-chT2B 1920"]
[Site "Slovakia"]
[Date "2019.11.16"]
[Round "3.7"]
[White "Kamas, Samuel"]
[Black "Moravcik, Rastislav"]
[Result "0-1"]
[WhiteElo "1787"]
[BlackElo "1931"]
[PlyCount "28"]
[EventDate "2019.10.26"]
[EventType "team-tourn"]
[EventRounds "11"]
[EventCountry "SVK"]
[SourceTitle "CBM 193 Extra"]
[Source "ChessBase"]
[SourceDate "2020.01.31"]
[SourceVersion "1"]
[SourceVersionDate "2020.01.31"]
[SourceQuality "1"]
[WhiteTeam "Povazska Bystrica II"]
[BlackTeam "Topolcany"]
[WhiteTeamCountry "SVK"]
[BlackTeamCountry "SVK"]

1. e4 e6 2. d4 d5 3. exd5 exd5 4. Nf3 Bd6 5. Bb5+ c6 6. Ba4 Ne7 7. Nc3 0-0 8. Bg5 f6 9. Bh4 Bg4 10. 0-0 Ng6 11. Re1 Nxh4 12. Re3 Bf4 13. Rd3 Nxf3+ 14. gxf3 Bf5 0-1

[Event "SVK-chT2B 1819"]
[Site "Slovakia"]
[Date "2018.11.17"]
[Round "3.4"]
[White "Moravcik, Rastislav"]
[Black "Krcmar, Milan"]
[Result "0-1"]
[WhiteElo "1995"]
[BlackElo "1923"]
[PlyCount "80"]
[EventDate "2018.10.13"]
[EventType "team-tourn"]
[EventRounds "11"]
[EventCountry "SVK"]
[SourceTitle "CBM 187 Extra"]
[Source "ChessBase"]
[SourceDate "2018.11.04"]
[SourceVersion "1"]
[SourceVersionDate "2018.11.04"]
[SourceQuality "1"]
[WhiteTeam "Topolcany"]
[BlackTeam "Nemsova Horne Srnie"]
[WhiteTeamCountry "SVK"]
[BlackTeamCountry "SVK"]

1. d4 g6 2. e4 Bg7 3. Be3 c6 4. Nc3 d5 5. e5 Nh6 6. f4 Bg4 7. Nf3 e6 8. h3 Nf5 9. Bf2 Bxf3 10. Qxf3 Qb6 11. 0-0-0 Na6 12. g4 Ne7 13. Bh4 Qc7 14. Kb1 Qd7 15. Bf6 Bxf6 16. exf6 Nc8 17. f5 Nc7 18. Bd3 Nd6 19. Rhe1 0-0-0 20. Re5 Rde8 21. fxe6 Rxe6 22. h4 Rhe8 23. Rde1 Qd8 24. g5 Kb8 25. h5 Qd7 26. hxg6 hxg6 27. b3 b6 28. Kb2 Kb7 29. a4 a6 30. Qh3 Qc8 31. Qg3 Qd7 32. Rh1 Ne4 33. Bxe4 dxe4 34. Rd1 a5 35. Qg4 Nd5 36. Rxe6 Rxe6 37. Nxe4 Ne3 38. Nf2 Nxg4 39. Nxg4 Re4 40. Ne5 Rxe5 0-1

[Event "SVK-chT2B 1718"]
[Site "Slovakia"]
[Date "2017.10.28"]
[Round "1.5"]
[White "Hanko, Pavol"]
[Black "Moravcik, Rastislav"]
[Result "1/2-1/2"]
[WhiteElo "2073"]
[BlackElo "2025"]
[PlyCount "34"]
[EventDate "2017.10.28"]
[EventType "team-tourn"]
[EventRounds "11"]
[EventCountry "SVK"]
[SourceTitle "CBM 181 Extra"]
[Source "ChessBase"]
[SourceDate "2017.12.12"]
[SourceVersion "1"]
[SourceVersionDate "2017.12.12"]
[SourceQuality "1"]
[WhiteTeam "Prievidza"]
[BlackTeam "Topolcany"]
[WhiteTeamCountry "SVK"]
[BlackTeamCountry "SVK"]

1. d4 d5 2. Nf3 e6 3. c4 f5 4. g3 Nf6 5. Bg2 c6 6. 0-0 Bd6 7. Bf4 0-0 8. Ne5 Qe7 9. b3 Nbd7 10. Nd2 Ne4 11. Nxe4 fxe4 12. Nxd7 Bxd7 13. Bxd6 Qxd6 14. f3 exf3 15. Bxf3 dxc4 16. bxc4 e5 17. e3 Bh3 1/2-1/2

[Event "SVK-chT2B 1617"]
[Site "Slovakia"]
[Date "2016.12.04"]
[Round "6.8"]
[White "Moravcik, Rastislav"]
[Black "Krupa, Miroslav"]
[Result "1/2-1/2"]
[WhiteElo "2046"]
[BlackElo "1771"]
[PlyCount "100"]
[EventDate "2016.10.08"]
[EventType "team-tourn"]
[EventRounds "11"]
[EventCountry "SVK"]
[SourceTitle "EXT 2018"]
[Source "ChessBase"]
[SourceDate "2017.10.13"]
[SourceVersion "1"]
[SourceVersionDate "2017.10.13"]
[SourceQuality "1"]
[WhiteTeam "Topolcany"]
[BlackTeam "Tlmace"]
[WhiteTeamCountry "SVK"]
[BlackTeamCountry "SVK"]

1. e4 c5 2. Nf3 d6 3. d4 cxd4 4. Nxd4 Nf6 5. Nc3 a6 6. a4 e6 7. Be3 b6 8. Bd3 Bb7 9. 0-0 Nbd7 10. f4 Nc5 11. Qf3 Rc8 12. Rae1 Qd7 13. g4 e5 14. Nf5 g6 15. fxe5 dxe5 16. Nd6+ Qxd6 17. Qxf6 Qxf6 18. Rxf6 Nd7 19. Rf2 Be7 20. Nd5 Bxd5 21. exd5 Bh4 22. Bxa6 Bxf2+ 23. Bxf2 Rxc2 24. Bb5 Kd8 25. b3 Rc3 26. Bc4 f5 27. Bh4+ Kc7 28. Be7 e4 29. d6+ Kc8 30. Be6 Rc2 31. b4 Rc6 32. a5 bxa5 33. bxa5 Re8 34. gxf5 gxf5 35. Bxf5 Rg8+ 36. Kf1 Rc5 37. Bxe4 Rxa5 38. Rc1+ Nc5 39. Bxh7 Rg7 40. Bf5+ Kb7 41. Bh3 Rf7+ 42. Kg1 Rg7+ 43. Bg2+ Ka7 44. Bf6 Rg6 45. Bd4 Kb6 46. d7 Rd6 47. Bxc5+ Rxc5 48. Rxc5 Kxc5 49. Bh3 Kc6 50. Kf2 Rxd7 1/2-1/2

[Event "SVK-chT2B 0708"]
[Site "Slovakia"]
[Date "2007.11.03"]
[Round "3.5"]
[White "Novotny, Michal1111"]
[Black "Moravcik, Rastislav"]
[Result "0-1"]
[WhiteElo "2106"]
[BlackElo "2059"]
[PlyCount "106"]
[EventDate "2007.10.06"]
[EventType "team-tourn"]
[EventRounds "11"]
[EventCountry "SVK"]
[SourceTitle "EXT 2010"]
[Source "ChessBase"]
[SourceDate "2010.11.25"]
[SourceVersion "1"]
[SourceVersionDate "2010.11.25"]
[SourceQuality "1"]
[WhiteTeam "Tlmace SK"]
[BlackTeam "Topolcianky Lokomotiva"]
[WhiteTeamCountry "SVK"]
[BlackTeamCountry "SVK"]

1. e4 e6 2. d4 d5 3. Nc3 Bb4 4. Bd3 c5 5. a3 Bxc3+ 6. bxc3 c4 7. Be2 Bd7 8. e5 Ba4 9. Nh3 Nc6 10. 0-0 Nge7 11. f4 Qa5 12. Rf3 0-0-0 13. Bd2 Kb8 14. Be1 Rdf8 15. Qb1 Ka8 16. Nf2 h5 17. Nd1 Nxd4 18. cxd4 Qxe1+ 19. Bf1 Nf5 20. Qb2 Qd2 21. c3 Qxb2 22. Nxb2 Bb3 23. Be2 Rc8 24. Bd1 Bxd1 25. Nxd1 Rc6 26. Rf2 Rhc8 27. Rb2 Ra6 28. Kf2 Rcc6 29. Ke2 Rcb6 30. Kd2 Kb8 31. Kc1 Kc7 32. Kb1 Rxb2+ 33. Kxb2 Rb6+ 34. Ka2 Nh4 35. Ne3 Rb3 36. Rc1 Kc6 37. Rc2 Kb5 38. Nd1 Ka4 39. Nb2+ Ka5 40. Nd1 b5 41. Rf2 Nf5 42. Rf3 Kb6 43. Rh3 g6 44. Rf3 a5 45. Rf2 b4 46. axb4 axb4 47. Rb2 bxc3 48. Nxc3 Nxd4 49. Rxb3+ Nxb3 50. Kb2 Kc5 51. g3 Kd4 52. Nb5+ Kd3 53. Nd6 Nd4 0-1

[Event "SVK-chT1E 0708"]
[Site "Slovakia"]
[Date "2007.10.14"]
[Round "2.1"]
[White "Kralovic, Andrej"]
[Black "Moravcik, Rastislav"]
[Result "1-0"]
[WhiteElo "2131"]
[BlackElo "2059"]
[PlyCount "65"]
[EventDate "2007.10.13"]
[EventType "team-swiss"]
[EventRounds "11"]
[EventCountry "SVK"]
[SourceTitle "EXT 2019"]
[Source "ChessBase"]
[SourceDate "2018.10.10"]
[SourceVersion "1"]
[SourceVersionDate "2018.10.10"]
[SourceQuality "1"]
[WhiteTeam "Bratislava Slovan III"]
[BlackTeam "Hlohovec SK Zentiva II"]
[WhiteTeamCountry "SVK"]
[BlackTeamCountry "SVK"]

1. e4 e6 2. d4 d5 3. Nd2 Nf6 4. e5 Nfd7 5. Bd3 c5 6. c3 Nc6 7. Ne2 cxd4 8. cxd4 f6 9. exf6 Nxf6 10. 0-0 Bd6 11. Nf3 Qc7 12. Bg5 0-0 13. Rc1 Bd7 14. Bh4 Rae8 15. Bg3 Bc8 16. b4 Bxg3 17. Nxg3 Qf4 18. b5 Ne7 19. Ne5 Nf5 20. Bxf5 exf5 21. Rc7 Ng4 22. Rxg7+ Kh8 23. Nf7+ Rxf7 24. Rxf7 Rg8 25. Qc1 Qd6 26. Qc7 Qg6 27. h3 Be6 28. Re7 Rc8 29. Qd6 Nxf2 30. Qe5+ Kg8 31. Qxe6+ Qxe6 32. Rxe6 f4 33. Kxf2 1-0

[Event "SVK-chT1W 0607"]
[Site "Slovakia"]
[Date "2007.03.25"]
[Round "11.4"]
[White "Dobrotka, Martin"]
[Black "Moravcik, Rastislav"]
[Result "1-0"]
[WhiteElo "2239"]
[BlackElo "2095"]
[PlyCount "85"]
[EventDate "2006.10.07"]
[EventType "team-tourn"]
[EventRounds "11"]
[EventCountry "SVK"]
[SourceTitle "EXT 2008"]
[Source "ChessBase"]
[SourceDate "2007.11.25"]
[SourceVersion "1"]
[SourceVersionDate "2007.11.25"]
[SourceQuality "1"]
[WhiteTeam "Prievidza SK"]
[BlackTeam "Hlohovec SK Zentiva II"]
[WhiteTeamCountry "SVK"]
[BlackTeamCountry "SVK"]

1. c4 e6 2. g3 d5 3. Bg2 c6 4. b3 f5 5. d3 Nf6 6. Nf3 Bd6 7. Bb2 0-0 8. 0-0 Bd7 9. Qc2 Be8 10. Nbd2 Nbd7 11. Rae1 Bh5 12. Nd4 Re8 13. e4 fxe4 14. dxe4 Bg6 15. f4 Bc5 16. Kh1 Qb6 17. f5 exf5 18. exf5 Bxd4 19. fxg6 hxg6 20. cxd5 cxd5 21. Nc4 Qc5 22. Ba3 Qc8 23. Rxe8+ Qxe8 24. Qd3 Bb6 25. Bxd5+ Nxd5 26. Qxd5+ Kh7 27. Qxb7 Rb8 28. Qg2 Nf6 29. Bb2 Qe6 30. Bxf6 gxf6 31. Nxb6 Rxb6 32. Rc1 Rd6 33. h3 Qe3 34. Rc2 f5 35. Kh2 Rd3 36. Qf2 Qe7 37. h4 Rd7 38. Qf4 Qg7 39. h5 Rd4 40. hxg6+ Kxg6 41. Rc6+ Kh5 42. Qxf5+ Qg5 43. Qh3+ 1-0